000 00500nam a2200193Ia 4500
005 20240823040734.0
008 240823s9999||||xx |||||||||||||| ||und||
020 _a978-93-5023-521-8
041 _aENGLISH
082 _A006.76 Q1
100 _aDani Nordin
245 0 _aPalnning & Managing Drupal Projects
250 _a1st
260 _c2011
_b"Shroff Publishers and Distributers Pvt.Ltd,M"
500 _aYES
650 _aDrupal Projects
_bComputer Science
942 _cBK
999 _c203830
_d203830